Camino al alba

Gorde:
Xehetasun bibliografikoak
Egile nagusia: Labat, Juan Carlos
Formatua: Liburua
Hizkuntza:Undetermined
Argitaratua: Argentina Zeta 1988
Gaiak:
Etiketak: Etiketa erantsi
Etiketarik gabe, Izan zaitez lehena erregistro honi etiketa jartzen!

MARC

LEADER 00000nam a2200000Ia 4500
008 170316s9999 xx 000 0 und d
040 |a cru BVZT 
090 |a 860 L-1c 
100 |a Labat, Juan Carlos 
245 |a Camino al alba 
260 |a Argentina 
260 |b Zeta 
260 |c 1988 
300 |a 105 páginas 
650 |a LITERATURA LATINOAMERICANA 
999 |c 8869  |d 8869 
942 |c 15 D  |h 860 L-1c  |2 z